Longest Rivers in Canada Quiz Stats

 Plays Quiz not verified by Sporcle

Also try: Fast Flags of Fury
Challenge
Share
Tweet
Embed
Score 0/12 Timer 04:00
0 Plays Today
Total Length (in Kilometres) River Name % Correct
4241Mackenzie
92.4%
3058St. Lawrence
89.1%
3185Yukon
69.6%
1370Fraser
67.4%
1271Ottawa
51.1%
1287North Saskatchewan
50%
2000Columbia
47.8%
2575Nelson
46.7%
1609Churchill
44.6%
1231Athabasca
40.2%
1070Assiniboine
17.4%
1115Liard
10.9%

You're not logged in!

Compare scores with friends on all Sporcle quizzes.
Join for Free
OR
Log In

You Might Also Like...

Show Comments

Extras

Top Quizzes Today


Score Distribution

Your Account Isn't Verified!

In order to create a playlist on Sporcle, you need to verify the email address you used during registration. Go to your Sporcle Settings to finish the process.

Report this User

Report this user for behavior that violates our Community Guidelines.

Details: